Normal view
MARC view
- Graham, Patricia Jane
Entry Personal Name
001 - CONTROL NUMBER
- control field: 102102
003 - CONTROL NUMBER IDENTIFIER
- control field: NUST
005 - DATE AND TIME OF LATEST TRANSACTION
- control field: 20221101095531.0
008 - FIXED-LENGTH DATA ELEMENTS
- fixed length control field: 221101|| aca||aabn | a|a d
040 ## - CATALOGING SOURCE
- Original cataloging agency: NUST
- Transcribing agency: NUST
100 ## - HEADING--PERSONAL NAME
- Personal name: Graham, Patricia Jane
670 ## - SOURCE DATA FOUND
- Source citation: Work cat.: (NUST)0: Graham, Patricia Jane., Faith and power in Japanese Buddhist art, 1600-2005 /, c2007.
